[Event "Nizhnij Novgorod U20"]
[Site "Nizhnij Novgorod"]
[Date "2012.02.15"]
[Round "?"]
[White "Bodyagin, Anton"]
[Black "Sukhinin, Anatoly"]
[Result "0-1"]
[WhiteElo "1854"]
[BlackElo "1988"]
[PlyCount "106"]
[EventDate "2012.02.10"]
[EventType "swiss"]
[EventRounds "7"]
[EventCountry "RUS"]
[SourceTitle "EXT 2022"]
[Source "ChessBase"]
[SourceDate "2021.10.06"]
[SourceVersion "1"]
[SourceVersionDate "2021.10.06"]
[SourceQuality "1"]

1. Nf3 c5 2. c4 Nf6 3. Nc3 d5 4. cxd5 Nxd5 5. d4 e6 6. e4 Nxc3 7. bxc3 cxd4 8. cxd4 Bb4+ 9. Bd2 Qa5 10. Rb1 Bxd2+ 11. Qxd2 Qxd2+ 12. Kxd2 0-0 13. Bd3 b6 14. Rhc1 Ba6 15. Rc3 Bxd3 16. Kxd3 Rd8 17. Rbc1 Na6 18. Ke3 Kf8 19. Ne5 f6 20. Nd3 Rd7 21. Ra3 Nc7 22. Ra4 Kf7 23. Nb4 a5 24. Nc6 Nb5 25. Rac4 Nd6 26. R4c3 b5 27. Rc5 Rb7 28. Rb1 b4 29. e5 Nb5 30. exf6 gxf6 31. Rb3 Kf8 32. Nxa5 Rxa5 33. Rxb4 Nd6 34. Rxb7 Nxb7 35. Rxa5 Nxa5 36. Ke4 Ke7 37. d5 e5 38. Kf5 Nb7 39. a3 Nd6+ 40. Kg4 Ne4 41. f4 Nc3 42. fxe5 fxe5 43. Kf3 Kd6 44. Ke3 Kxd5 45. Kd3 Na4 46. g4 e4+ 47. Ke3 Ke5 48. h4 Nc3 49. g5 Nd5+ 50. Kd2 e3+ 51. Ke2 Ke4 52. Ke1 Nf4 53. a4 e2 0-1

[Event "Nizhnij Novgorod Hope Cup"]
[Site "Nizhnij Novgorod"]
[Date "2010.08.16"]
[Round "7"]
[White "Sukhinin, Anatoly"]
[Black "Gorozhanin, Mikhail"]
[Result "0-1"]
[WhiteElo "1937"]
[BlackElo "1940"]
[PlyCount "60"]
[EventDate "2010.08.10"]
[EventType "swiss"]
[EventRounds "7"]
[EventCountry "RUS"]
[SourceTitle "CBM 138 Extra"]
[Source "ChessBase"]
[SourceDate "2010.10.29"]
[SourceVersion "1"]
[SourceVersionDate "2010.10.29"]
[SourceQuality "1"]

1. c4 c6 2. Nc3 d5 3. cxd5 cxd5 4. d4 Nf6 5. Nf3 Nc6 6. e3 a6 7. Ne5 Bf5 8. Qb3 Na5 9. Qa4+ b5 10. Qd1 g6 11. Be2 Bg7 12. 0-0 0-0 13. b4 Nc4 14. Nxc4 bxc4 15. a4 Qd7 16. Bd2 Rfb8 17. f3 h5 18. a5 Rb7 19. Na4 Qc6 20. Nb6 Rab8 21. Bc3 Qe6 22. e4 Rxb6 23. exf5 Qe3+ 24. Kh1 R6b7 25. fxg6 Qxc3 26. gxf7+ Kf8 27. f4 Ne4 28. Bxh5 Qxd4 29. Qg4 Qxa1 30. Rxa1 Nf2+ 0-1

[Event "Nizhnij Novgorod-ch"]
[Site "Nizhnij Novgorod"]
[Date "2010.03.??"]
[Round "?"]
[White "Pristalov, Evgeny"]
[Black "Sukhinin, Anatoly"]
[Result "1/2-1/2"]
[WhiteElo "1997"]
[BlackElo "1948"]
[PlyCount "96"]
[EventDate "2010.03.13"]
[EventType "swiss"]
[EventRounds "9"]
[EventCountry "RUS"]
[SourceTitle "EXT 2022"]
[Source "ChessBase"]
[SourceDate "2021.10.06"]
[SourceVersion "1"]
[SourceVersionDate "2021.10.06"]
[SourceQuality "1"]

1. e4 d5 2. exd5 Nf6 3. d4 Nxd5 4. c4 Nb6 5. Nf3 Bg4 6. c5 N6d7 7. Bc4 e6 8. Nc3 b6 9. h3 Bh5 10. cxb6 axb6 11. d5 e5 12. 0-0 Bd6 13. Ne4 0-0 14. Ng3 Bg6 15. Bd3 f5 16. Ng5 Nc5 17. Bc2 h6 18. Ne6 Nxe6 19. dxe6 Kh8 20. f4 e4 21. Be3 Qe7 22. Bb3 Rd8 23. Qe2 Na6 24. Rad1 Bc5 25. Bd5 Rab8 26. a3 Bxe3+ 27. Qxe3 Nc5 28. Qc3 Na4 29. Qc2 Nxb2 30. Qxb2 Qc5+ 31. Qd4 Rxd5 32. Qxc5 Rxc5 33. Rc1 Rxc1 34. Rxc1 c5 35. Rd1 b5 36. e7 Re8 37. Rd5 b4 38. Rxc5 bxa3 39. Ra5 Rxe7 40. Rxa3 e3 41. Kf1 h5 42. h4 Be8 43. Nxf5 Rf7 44. Ra8 Rf8 45. Ke1 Rxf5 46. Rxe8+ Kh7 47. g3 Rb5 48. Rxe3 Rb2 1/2-1/2

[Event "Nizhnij Novgorod-ch"]
[Site "Nizhnij Novgorod"]
[Date "2010.03.??"]
[Round "?"]
[White "Sukhinin, Anatoly"]
[Black "Shilnikov, Igor S"]
[Result "1-0"]
[WhiteElo "1948"]
[BlackElo "1933"]
[PlyCount "119"]
[EventDate "2010.03.13"]
[EventType "swiss"]
[EventRounds "9"]
[EventCountry "RUS"]
[SourceTitle "EXT 2022"]
[Source "ChessBase"]
[SourceDate "2021.10.06"]
[SourceVersion "1"]
[SourceVersionDate "2021.10.06"]
[SourceQuality "1"]

1. Nf3 d5 2. d4 Nf6 3. c4 e6 4. Nc3 c6 5. e3 Be7 6. Bd3 Nbd7 7. 0-0 Qc7 8. e4 dxe4 9. Nxe4 0-0 10. Qc2 h6 11. Nxf6+ Bxf6 12. Be3 e5 13. d5 Be7 14. Rfe1 c5 15. Bd2 Bd6 16. h3 Nf6 17. Bc3 Re8 18. Nd2 b5 19. b3 Bd7 20. Ne4 Nxe4 21. Bxe4 b4 22. Bb2 a5 23. Bf5 Re7 24. a3 Rae8 25. axb4 axb4 26. Ra6 e4 27. Bxd7 Qxd7 28. Bc1 f5 29. Qa2 f4 30. Qa4 Qd8 31. Qc6 Rd7 32. Bd2 Kh7 33. Ra8 Qe7 34. Rxe8 Qxe8 35. Rxe4 Qxe4 36. Qxd7 Qe5 37. Qg4 Qa1+ 38. Kh2 Qe5 39. Qf3 g6 40. h4 Qf6 41. g3 fxg3+ 42. Kg2 Qxf3+ 43. Kxf3 gxf2 44. Kxf2 Kg7 45. Kf3 Be7 46. Be1 Kf6 47. Ke4 Bd6 48. Bd2 g5 49. hxg5+ hxg5 50. Be3 Kg6 51. Bf2 Kf6 52. Kf3 Kf5 53. Bg3 Be7 54. Bc7 Bf8 55. Kg3 g4 56. d6 Ke6 57. Kxg4 Bg7 58. Kf4 Kd7 59. Ke4 Bd4 60. Kd5 1-0

[Event "Nizhnij Novgorod-ch"]
[Site "Nizhnij Novgorod"]
[Date "2010.03.??"]
[Round "?"]
[White "Sukhinin, Anatoly"]
[Black "Yatzenko, Anton"]
[Result "0-1"]
[WhiteElo "1948"]
[BlackElo "2349"]
[PlyCount "54"]
[EventDate "2010.03.13"]
[EventType "swiss"]
[EventRounds "9"]
[EventCountry "RUS"]
[SourceTitle "EXT 2022"]
[Source "ChessBase"]
[SourceDate "2021.10.06"]
[SourceVersion "1"]
[SourceVersionDate "2021.10.06"]
[SourceQuality "1"]

1. Nf3 Nc6 2. d4 d5 3. c4 Bg4 4. Nc3 e6 5. cxd5 exd5 6. Bf4 Bxf3 7. gxf3 Bd6 8. Qd2 Nge7 9. Bxd6 Qxd6 10. Nb5 Qd7 11. Bh3 Qxh3 12. Nxc7+ Kd7 13. Nxa8 Rxa8 14. 0-0-0 Qf5 15. b3 a5 16. a3 a4 17. b4 Na7 18. Kb2 Nb5 19. Rhg1 Rc8 20. Rxg7 Rc3 21. Qxc3 Nxc3 22. Kxc3 Qe6 23. Rd2 h6 24. Rg4 Qd6 25. h3 Qh2 26. e4 Qh1 27. Kb2 Qxf3 0-1

[Event "Nizhnij Novgorod Dubinin Memorial 17th"]
[Site "Nizhnij Novgorod"]
[Date "2010.??.??"]
[Round "?"]
[White "Korolev, Vladislav"]
[Black "Sukhinin, Anatoly"]
[Result "0-1"]
[WhiteElo "1737"]
[BlackElo "1937"]
[PlyCount "61"]
[EventDate "2010.01.03"]
[EventType "swiss"]
[EventRounds "9"]
[EventCountry "RUS"]
[SourceTitle "CBM 134 Extra"]
[Source "ChessBase"]
[SourceDate "2010.03.03"]
[SourceVersion "1"]
[SourceVersionDate "2010.03.03"]
[SourceQuality "1"]

1. e4 c6 2. d4 d5 3. e5 Bf5 4. Ne2 e6 5. Ng3 Bg6 6. Bd3 c5 7. c3 Nc6 8. Bxg6 hxg6 9. Be3 c4 10. Nd2 Nh6 11. h3 Nf5 12. Nxf5 gxf5 13. Nf3 Be7 14. Qd2 b5 15. Ng5 a5 16. f4 Nb4 17. Nf3 Nd3+ 18. Ke2 Kd7 19. Ne1 Nxe1 20. Qxe1 g5 21. Qd2 Rg8 22. Rhg1 g4 23. hxg4 Rxg4 24. Raf1 Qg8 25. Kd1 Qg7 26. Rf3 Rg8 27. g3 b4 28. Qc2 Kc7 29. Qa4 Kb6 30. Qd7 Qf8 31. Qa4 0-1

[Event "RUS-chT Clubs U18"]
[Site "Rybinsk"]
[Date "2009.08.07"]
[Round "6"]
[White "Sukhinin, Anatoly"]
[Black "Matorkin, Dmitry Victorovich"]
[Result "0-1"]
[WhiteElo "1952"]
[BlackElo "1867"]
[PlyCount "94"]
[EventDate "2009.08.02"]
[EventType "team-swiss"]
[EventRounds "9"]
[EventCountry "RUS"]
[SourceTitle "CBM 131 Extra"]
[Source "ChessBase"]
[SourceDate "2009.09.03"]
[SourceVersion "2"]
[SourceVersionDate "2009.09.16"]
[SourceQuality "1"]

1. Nf3 d5 2. d4 Nf6 3. g3 Bf5 4. Bg2 e6 5. 0-0 Be7 6. b3 0-0 7. Bb2 h6 8. Nbd2 c6 9. c4 Nbd7 10. Ne5 Nxe5 11. dxe5 Nd7 12. f4 f6 13. cxd5 cxd5 14. e4 dxe4 15. Nxe4 Nc5 16. Qxd8 Raxd8 17. Ba3 b6 18. Rac1 Bxe4 19. Bxe4 fxe5 20. fxe5 Rxf1+ 21. Rxf1 Nxe4 22. Bxe7 Rd2 23. a3 Re2 24. Rf8+ Kh7 25. Ra8 Kg6 26. Rxa7 Kf5 27. Bf8 g5 28. Bxh6 Kg4 29. Bf8 Kf3 30. Rf7+ Ke3 31. Bb4 g4 32. Rf1 Ng5 33. Re1 Nf3+ 34. Kf1 Nxh2+ 35. Kg1 Nf3+ 36. Kf1 Nxe1 37. Bxe1 Ra2 38. a4 Kf3 39. Kg1 Re2 40. Kf1 Rxe5 41. b4 Re4 42. a5 bxa5 43. bxa5 Ra4 44. Bf2 Rxa5 45. Kg1 Ra1+ 46. Kh2 Rh1+ 47. Kxh1 Kxf2 0-1

[Event "RUS-ch U14"]
[Site "Dagomys"]
[Date "2009.04.23"]
[Round "9"]
[White "Gorishniy, Yuri"]
[Black "Sukhinin, Anatoly"]
[Result "1/2-1/2"]
[WhiteElo "2093"]
[BlackElo "1900"]
[PlyCount "92"]
[EventDate "2009.04.15"]
[EventType "swiss"]
[EventRounds "9"]
[EventCountry "RUS"]
[SourceTitle "CBM 130 Extra"]
[Source "ChessBase"]
[SourceDate "2009.07.02"]
[SourceVersion "2"]
[SourceVersionDate "2009.07.15"]
[SourceQuality "1"]

1. Nf3 d5 2. d4 Nf6 3. c4 e6 4. Nc3 Be7 5. Bg5 0-0 6. Qc2 b6 7. cxd5 Nxd5 8. Bxe7 Qxe7 9. Nxd5 exd5 10. e3 Ba6 11. Bxa6 Nxa6 12. 0-0 c5 13. Qf5 Rfd8 14. Rfe1 Qe4 15. Qh5 f6 16. Rad1 Nb4 17. a3 Nd3 18. Rf1 c4 19. Rd2 b5 20. Ne1 Nxe1 21. Rxe1 a5 22. Qd1 b4 23. Qa4 Qe8 24. Qc2 bxa3 25. bxa3 Rab8 26. e4 Qe7 27. Rde2 Re8 28. h3 Qxa3 29. exd5 Rxe2 30. Qxe2 c3 31. Qe6+ Kh8 32. d6 h6 33. d7 c2 34. Qe8+ Qf8 35. Qxf8+ Rxf8 36. Rc1 Rd8 37. Rxc2 Rxd7 38. Rc4 Kg8 39. Kf1 Ra7 40. Ra4 Kf7 41. Ke2 Ke6 42. Kd3 Kd5 43. f3 g6 44. Kc3 Rc7+ 45. Kd3 Ra7 46. Kc3 Rc7+ 1/2-1/2

[Event "RUS-ch U14"]
[Site "Dagomys"]
[Date "2009.04.20"]
[Round "6"]
[White "Sukhinin, Anatoly"]
[Black "Nikologorskiy, Konstantin"]
[Result "0-1"]
[WhiteElo "1900"]
[BlackElo "2149"]
[PlyCount "83"]
[EventDate "2009.04.15"]
[EventType "swiss"]
[EventRounds "9"]
[EventCountry "RUS"]
[SourceTitle "CBM 130 Extra"]
[Source "ChessBase"]
[SourceDate "2009.07.02"]
[SourceVersion "2"]
[SourceVersionDate "2009.07.15"]
[SourceQuality "1"]

1. d4 d5 2. c4 c6 3. Nc3 Nf6 4. e3 a6 5. Bd3 dxc4 6. Bxc4 b5 7. Bd3 e6 8. Nf3 Bb7 9. Qc2 Nbd7 10. Ne4 Nd5 11. a3 Qb6 12. 0-0 h6 13. Bd2 c5 14. dxc5 Nxc5 15. Nxc5 Bxc5 16. Ba5 Qa7 17. b4 Be7 18. a4 Rc8 19. Qb2 Bf6 20. Nd4 0-0 21. axb5 e5 22. bxa6 exd4 23. axb7 Qxb7 24. e4 Nf4 25. Qb1 Rc3 26. Rd1 Nxd3 27. Rxd3 Qxe4 28. Rxc3 Qxb1+ 29. Rxb1 dxc3 30. Rc1 Rc8 31. Rc2 Ra8 32. Kf1 Kf8 33. Ke2 Ke7 34. Bb6 Kd6 35. b5 Kd5 36. Kd3 Ra1 37. Be3 Rd1+ 38. Ke2 Rb1 39. b6 Kc4 40. f4 Rb2 41. Kd1 Kd3 42. Bc1 0-1

[Event "RUS-ch U14"]
[Site "Dagomys"]
[Date "2009.04.19"]
[Round "5"]
[White "Khatoev, Eduard"]
[Black "Sukhinin, Anatoly"]
[Result "1-0"]
[WhiteElo "2157"]
[BlackElo "1900"]
[PlyCount "83"]
[EventDate "2009.04.15"]
[EventType "swiss"]
[EventRounds "9"]
[EventCountry "RUS"]
[SourceTitle "CBM 130 Extra"]
[Source "ChessBase"]
[SourceDate "2009.07.02"]
[SourceVersion "2"]
[SourceVersionDate "2009.07.15"]
[SourceQuality "1"]

1. d4 d5 2. Nf3 c6 3. c4 Nf6 4. e3 Bf5 5. Nc3 e6 6. Nh4 Bg4 7. Qb3 Qb6 8. h3 Bh5 9. g4 Bg6 10. Nxg6 hxg6 11. Bg2 Nbd7 12. c5 Qc7 13. g5 Ng8 14. e4 dxe4 15. Nxe4 b6 16. Be3 Rb8 17. Qc3 f5 18. gxf6 gxf6 19. 0-0-0 Kf7 20. h4 Be7 21. Bh3 bxc5 22. Bxe6+ Kg7 23. dxc5 Qe5 24. Qxe5 Nxe5 25. f4 Nf3 26. Rd7 Kf8 27. Bxg8 Rxg8 28. Rh3 f5 29. Ng5 Nxg5 30. hxg5 Rb4 31. Rh7 Rc4+ 32. Kd2 Re4 33. Rxa7 Rg7 34. Rxg7 Kxg7 35. Rc7 Re6 36. a4 Kf8 37. Rc8+ Kf7 38. a5 Re4 39. b3 Rb4 40. a6 Rxb3 41. a7 Rxe3 42. a8Q 1-0

[Event "RUS-ch U14"]
[Site "Dagomys"]
[Date "2009.04.16"]
[Round "2"]
[White "Sukhinin, Anatoly"]
[Black "Palchun, Grigory"]
[Result "1/2-1/2"]
[WhiteElo "1900"]
[BlackElo "2106"]
[PlyCount "63"]
[EventDate "2009.04.15"]
[EventType "swiss"]
[EventRounds "9"]
[EventCountry "RUS"]
[SourceTitle "CBM 130 Extra"]
[Source "ChessBase"]
[SourceDate "2009.07.02"]
[SourceVersion "2"]
[SourceVersionDate "2009.07.15"]
[SourceQuality "1"]

1. c4 e5 2. Nc3 Bb4 3. e4 Bxc3 4. bxc3 Nf6 5. d3 0-0 6. g3 Nc6 7. Bg2 d6 8. Ne2 Ne8 9. 0-0 f5 10. exf5 Bxf5 11. d4 Rb8 12. f4 Qe7 13. h3 Bg6 14. g4 Bf7 15. d5 Na5 16. f5 Nxc4 17. Ng3 Nb6 18. g5 Qd7 19. Be4 g6 20. Qd3 Ng7 21. Be3 c6 22. Bxb6 axb6 23. f6 Ne8 24. Nf5 Kh8 25. Ne7 cxd5 26. Bxd5 Bxd5 27. Nxd5 Nc7 28. Ne7 Ne6 29. Qg3 Nf4 30. Qh4 Nh5 31. Kh2 Rbd8 32. a4 1/2-1/2

[Event "Nizhnij Novgorod-ch 61st"]
[Site "Nizhnij Novgorod"]
[Date "2009.03.??"]
[Round "?"]
[White "Sukhinin, Anatoly"]
[Black "Zaitsev, Alexander"]
[Result "1-0"]
[WhiteElo "1834"]
[BlackElo "2375"]
[PlyCount "43"]
[EventDate "2009.03.06"]
[EventType "swiss"]
[EventRounds "9"]
[EventCountry "RUS"]
[SourceTitle "EXT 2010"]
[Source "ChessBase"]
[SourceDate "2010.11.25"]
[SourceVersion "1"]
[SourceVersionDate "2010.11.25"]
[SourceQuality "1"]

1. Nf3 c5 2. c4 Nf6 3. g3 Nc6 4. Bg2 d5 5. cxd5 Nxd5 6. 0-0 g6 7. d4 cxd4 8. Nxd4 Bg7 9. Nb5 Ndb4 10. Qxd8+ Kxd8 11. N1c3 a6 12. Na3 Kc7 13. Nc4 Be6 14. Bf4+ Kd8 15. Nb6 Ra7 16. Rad1+ Ke8 17. Rd2 Nxa2 18. Rfd1 f5 19. Nxa2 Bxa2 20. Rd7 Na5 21. Nc8 Ra8 22. Rxe7+ 1-0